000 00513nam a2200229Ia 4500
003 OSt
005 20220924142651.0
006 a|||||r|||| 00| 0
007 ta
008 ASM
024 _a302905
037 _cTextual
040 _aARTS
_cARTS
_bASM
041 _2ASM
_aASM
082 _aY:1.277, 158N4
100 _aGogoi Lila
245 0 _aAsamar sanskriti
260 _c1994
650 _aSOCIOLOGY
942 _hY:1.277, 158N4
_cTEXL
_2CC
999 _c451570
_d451570